Guess the 1970s song lyrics #348 - Statistics

General Stats
  • This quiz has been taken 11 times
  • The average score is 183 of 266
Answer Stats
Answer % Correct
come
100%
I
100%
Love
100%
me
100%
on
100%
a
88%
And
88%
and
88%
are
88%
if
88%
I'm
88%
in
88%
is
88%
it
88%
like
88%
Like
88%
never
88%
only
88%
say
88%
the
88%
us
88%
We
88%
why
88%
you
88%
again
75%
all
75%
be
75%
but
75%
don't
75%
go
75%
goin
75%
may
75%
pass
75%
so
75%
So
75%
Take
75%
they
75%
They
75%
this
75%
up
75%
way
75%
we're
75%
where
75%
Will
75%
will
75%
you're
75%
away
63%
for
63%
it's
63%
just
63%
Life
63%
our
63%
out
63%
That's
63%
want
63%
with
63%
always
50%
begun
50%
days
50%
Dreams
50%
let
50%
make
50%
see
50%
Should
50%
sun
50%
than
50%
baby
38%
dove
38%
drift
38%
fears
38%
makes
38%
must
38%
olden
38%
Peace
38%
universe
38%
wanna
38%
years
38%
ahead
25%
autumn
25%
Cast
25%
Cause
25%
Columbus
25%
dyin
25%
ears
25%
easy
25%
em
25%
end
25%
feel
25%
fools
25%
friend
25%
game
25%
journey
25%
journey's
25%
more
25%
open
25%
road
25%
Sail
25%
sea
25%
secrets
25%
ship
25%
slip
25%
twilight
25%
while
25%
Whisper
25%
courage
13%
cry
13%
flyin
13%
gather
13%
laugh
13%
laughin
13%
silent
13%
worthwhile
13%
No matching quizzes found
Score Distribution
Percent of People with Each Score
Percentile by Number Answered
Your Score History
You have not taken this quiz